000 00615nam a2200229Ia 4500
003 OSt
005 20220926012528.0
006 a|||||r|||| 00| 0
007 ta
008 220923b |||||||| |||| 00| 0 eng d
037 _cGeneral Book
040 _aRTL
_cRTL
_beng
041 _2eng
_aeng
082 _aV581:1:N4, H4
100 _aMandel William
245 0 _aSoviet far East and central Asia
260 _aNew York
_bDial Press
_c1944
300 _a158p
_ccm.
650 _aRussia History
_922158
942 _hV581:1:N4, H4
_cGB
_2CC
999 _c623411
_d623411